000 00509cam a2200145 4500500
005 20260322012454.0
041 _afre
042 _adc
100 1 0 _aEvrard, Pierre
_eauthor
245 0 0 _aLa psychothérapie institutionnelle : Pourquoi ses principes sont toujours de première nécessité
260 _c2006.
500 _a80
786 0 _nPsy Cause | 44-45 | 2-3 | 2006-01-02 | p. 35-37 | 1245-2394
856 4 1 _uhttps://shs.cairn.info/revue-psy-cause-2006-2-3-page-35?lang=fr&redirect-ssocas=7080
999 _c1773023
_d1773023